[Event "EU-ch 2nd"]
[Site "Ohrid"]
[Date "2001.06.14"]
[Round "13"]
[White "Pigusov, Evgeny"]
[Black "Reinderman, Dimitri"]
[Result "1-0"]
[WhiteElo "2584"]
[BlackElo "2539"]
[Annotator "Tsesarsky,I"]
[PlyCount "61"]
[EventDate "2001.06.01"]
[EventType "swiss"]
[EventRounds "13"]
[EventCountry "YUG"]
[SourceTitle "CBM 084"]
[Source "ChessBase"]
[SourceDate "2001.09.13"]
[SourceVersion "1"]
[SourceVersionDate "2001.09.13"]
[SourceQuality "1"]

1. Nf3 c5 2. c4 g6 3. d4 cxd4 4. Nxd4 Bg7 5. e4 Nc6 6. Nc2 d6 7. Be2 Nf6 8. Nc3
O-O 9. O-O Nd7 10. Bd2 Nc5 11. b4 Ne6 ({Worth of attention P sacrifice
acception:} 11... Bxc3 12. Bxc3 Nxe4 13. Bb2 $44 {1-0 Van Wely,L-Gustafsson,J/
Dieren 1999/CBM 71 ext (35)}) 12. Rc1 ({Another continuations are} 12. Rb1) (
12. Kh1 Ned4 13. Nxd4 Nxd4 14. Bd3 a5 $132 {1.33-1.56. 1/2-1/2 Ivanchuk,
V-Andersson,U/Tilburg 1990/CBM 20 (37)}) 12... a5 (12... Bd7 13. Nd5 Rc8 {
-see detailed commented game 1-0 Ananchenko,I-Tseshkovsky,V/Krasnodar 1997/EXT
2000[Tsesarsky,I] (42)}) 13. a3 axb4 14. axb4 Ned4 {Except of this move Black
played also} (14... Bd7 15. Re1 (15. Nd5 Ncd4 16. Nxd4 Nxd4 17. Bg5 Nxe2+ (
17... Re8 18. Be3 e5 19. Bg4 Be6 20. h3 Ra3 $132 {0-1 De la Villa Garcia,
J-Giorgadze,T/Salamanca 1989/CBM 13 (49)}) 18. Qxe2 Re8 19. Rfd1 Bc6 20. c5 h6
21. Be3 dxc5 22. Bxc5 Bxd5 23. Rxd5 Qc8 24. h3 h5 25. Qd3 Qe6 $132 {1/2-1/2
Pytel,K-Sellos,D/Chanac 1989/TD (55)}) 15... Ned4 16. Nxd4 Nxd4 17. Bf1 Ra3 18.
Rb1 $132 {1-0 Piasetski,L-Golomeov/Stip 1977/EXT 2001 (39)}) 15. Nxd4 Nxd4 16.
Be3 Nc6 $2 $146 {+/-} ({White keeps slight advantage after} 16... Nxe2+ 17.
Qxe2 Be6 (17... Bd7 18. Rfd1 Ra3 19. Nd5 Ba4 20. Rd3 Rxd3 21. Qxd3 Bc6 $14 {
1-0 Tseshkovsky,V-Ovetchkin,R/Azov 1996/CBM 56 ext (39)}) 18. Rfd1 Qc7 (18...
Bxc3 19. Rxc3 Qb8 20. Bf4 Rc8 21. Rcc1 b6 22. e5 dxe5 23. Bxe5 Qb7 24. Re1 h5
25. Bd4 Kh7 26. h3 Rc7 27. Qe5 $14 {1-0 Speelman,J-Pigusov,E/Sochi 1982/MCD 
(37)}) (18... Ra3 19. Nd5 Bxd5 20. exd5 Qd7 21. c5 $14 {1-0 Fernandez Aguado,
J-Pares Vives,J/Catalunya 1996/EXT 99 (35)}) 19. Nd5 Bxd5 20. exd5 $14 {
[%cal Gc4c5]} (20. cxd5 Qd7 21. b5 Rfc8 22. h3 h5 23. Qd3 Bb2 24. Rxc8+ Rxc8
25. Rb1 Be5 26. Rc1 Rxc1+ 27. Bxc1 {1/2-1/2 Dydyshko,V-Urban,K/Zakopane 2000/
CBM 78 ext (27)})) ({Interesting is also} 16... e5 $5 17. Nb5 {Three times
played this move E.Geller, but 3 times it was short draw:} ({Why not} 17. Bd3
$1 $14) 17... Nxb5 (17... Ra2 18. Bd3 Bd7 {1/2-1/2 Geller,E-Velimirovic,D/
Skara 1980/EU-chT (18)}) 18. cxb5 Be6 19. Bc4 (19. b6 f5 20. f3 Ra3 21. Qd2 Ra2
22. Rc2 $11 {1/2-1/2 Geller,E-Pigusov,E/Cappelle la Grande 1992/EXT 97 (28)})
19... Qd7 20. Qd3 Rfc8 {1/2-1/2 Geller,E-Pigusov,E/Sochi 1989/CBM 16 (20)}) 17.
Nd5 Ra2 ({Or} 17... e6 18. Nb6 Ra2 19. b5 Ne7 20. c5 d5 $8 (20... dxc5 21. Bxc5
{[%csl Rc8,Re7]} Rd2 22. Qe1 $18) 21. Bf3 d4 22. Qb3 Ra7 23. Bg5 $16) 18. c5 ({
Quite strong was} 18. b5 $1 Ne5 (18... Nd4 19. Bxd4 Bxd4 20. Qxd4 Rxe2 21. c5
dxc5 22. Qc4 $1 Rd2 23. Qxc5 Re8 24. Qe3 $18 {[%csl Rc8,Rd2][%cal Gf1d1]}) (
18... Nb8 19. Bb6 $1 (19. c5 e6 (19... dxc5 20. Bxc5 $18 {[%csl Rc8,Re7][%cal
Gc1c8,Gc5e7,Gd5e7]}) 20. Nb4 Rb2 21. Nd3 Rxb5 22. cxd6 b6 {[%csl Rd6]} 23. Qc2
Bb7 24. e5 Bxe5 25. Nxe5 Rxe5 26. Rfd1 Nd7 27. Qb2 Rxe3 28. fxe3 Qg5 29. Bb5
$16) 19... Qd7 20. c5 e6 21. Bc4 Rb2 22. Ne3 dxc5 23. Bxc5 Rd8 24. Qxd7 Nxd7
25. Rfd1 $18 {[%csl Rd7][%cal Gd1d8]}) 19. c5 $16) 18... dxc5 ({Interesting was
} 18... e6 $5 19. Nc3 {[%csl Ra2,Rd6]} (19. Bc4 $2 Rb2 20. Nb6 Rxb4 21. cxd6
Rxb6 22. Bxb6 Qxb6 23. d7 Bxd7 24. Qxd7 Rd8 {[%csl Rd7]} 25. Rb1 Qc5 26. Qxb7
Qxc4 $19) 19... Bxc3 20. Rxc3 Qf6 21. Rd3 (21. Rc2 Rxc2 22. Qxc2 d5 (22... Nxb4
23. Qd2 Nc6 24. cxd6 $16) 23. b5 Nd4 24. Bxd4 Qxd4 25. exd5 exd5 26. Rd1 Qe5
27. c6 $14) 21... d5 ({Or} 21... dxc5 22. Bxc5 $16) 22. b5 dxe4 23. Rd6 Ne5 24.
Re1 $16 {[%cal Ge1e2,Ga2e2] White prepares Qb1, Bc8 is passive, black squares
in the Black camp are vulnerable.}) 19. Bxc5 Be6 20. Bb5 {[%csl Rc6,Re7][%cal
Gc5e7,Gd5e7,Gb5c6]} Bxd5 $8 21. exd5 Ne5 22. d6 $1 {White opens the game for
pair of BB.} exd6 23. Bxd6 Rb2 $2 $18 {Badly!} ({Right was} 23... Nf3+ $1 24.
gxf3 (24. Qxf3 Qxd6 $11) 24... Qg5+ 25. Kh1 Qxb5 26. Bxf8 Bxf8 27. Qd4 Qf5 28.
Qe4 Qb5 29. Rc4 Rb2 30. Kg1 $16 {[%csl Rb4,Rf2,Rf3] Of course, White has
exchange over and chances to win this position, but to do it is not so easy!})
24. Bxf8 Qxf8 25. Qd5 Rxb4 26. Rfe1 Qb8 27. Bd7 Nxd7 28. Qxd7 Bf8 29. Rc7 Rf4
30. Rc8 Rd4 31. Rxf8+ 1-0

[Event "ISR-chT"]
[Site "Ramat Aviv"]
[Date "2000.01.28"]
[Round "3.1"]
[White "Murey, Jacob"]
[Black "Huzman, Alexander"]
[Result "1/2-1/2"]
[WhiteElo "2487"]
[BlackElo "2574"]
[Annotator "Tsesarsky,I"]
[PlyCount "84"]
[EventDate "2000.01.14"]
[EventType "team"]
[EventRounds "11"]
[EventCountry "ISR"]
[SourceTitle "CBM 077"]
[Source "ChessBase"]
[SourceDate "2000.07.27"]
[SourceVersion "1"]
[SourceVersionDate "2000.07.27"]
[SourceQuality "1"]
[WhiteTeam "Maccabi Afek"]
[BlackTeam "Beer Sheva"]
[WhiteTeamCountry "ISR"]
[BlackTeamCountry "ISR"]

1. c4 c5 2. Nc3 g6 3. Nf3 Bg7 4. d4 $11 (4. e3 {[%cal Gd2d4] Black didn't play
Nc6 yet...} Nf6 5. d4 cxd4 6. exd4 d5 $11) 4... cxd4 5. Nxd4 Nc6 {This moves
order don't permit to White recieve Maroci structure.} 6. Nb3 d6 7. e4 Bxc3+ $1
{Black change strong B and create weaknesses in White's camp} 8. bxc3 Nf6 9. f3
(9. Bd3 Ne5 10. O-O Be6 11. Nd4 Qd7 (11... Qc7 12. Nxe6 fxe6 13. f4 Nxd3 14.
Qxd3 Rc8 15. e5 dxe5 16. Qe3 b6 17. fxe5 Nd7 18. Ba3 $44) 12. Rb1 Bxc4 13. Bxc4
Nxc4 14. Qe2 Rc8 15. Bh6 Ng4 16. Bg5 f6 17. Bc1 Nge5 (17... O-O $15) 18. f4 Nf7
$15 {1/2-1/2 Panchenko,Alexander N-Zilberstein,Valery I/URS-ch sf Irkutsk ;MCD
1983 (22)}) 9... Be6 (9... O-O 10. Bh6 Re8 11. Be2 b6 $15 {[%csl Rc3,Rc4]} (
11... Be6 12. Nd4 Qa5 13. Nxe6 fxe6 14. Qd2 Rac8 $15 (14... Ne5 {1/2-1/2
Hansen,Lars Bo-Danner,Georg/Elekes mem Budapest ;CBM 14 1989}))) (9... b6 $5
10. Bh6 {[%csl Re8]} Nd7 11. Qd2 Ba6 12. f4 Qc7 {[%csl Rc4]} 13. Be2 Rc8 $1
$132 (13... Nc5 $2 14. Qe3 $6 (14. Nxc5 $1 dxc5 15. O-O-O Rd8 (15... Na5 16.
Qc2 $1 {[%cal Gc2a4]} Qc6 (16... f6 17. e5 $1 $16) 17. Bf3 $16) 16. Qc2 Bb7 $16
{[%csl Re8]}) 14... Na5 15. Nxa5 bxa5 16. O-O Nd7 17. Kh1 Qc5 $132 {0-1
Andresen,Steffen-Gustafsson,Jan/Dresden op ;EXT 97 1995 (30)})) 10. Be3 $6 $17
(10. Bh6 $5 $15) 10... Rc8 {[%csl Rc3,Rc4]} (10... O-O 11. Be2 b6 12. Nd4 Qd7
13. O-O Rac8 14. Nxe6 Qxe6 $17 {[%csl Rc3,Rc4] 0-1 Braunberger,
Federico-Gyimesi,Zoltan/Ticino op (2) ;EXT 97 1994 (29)}) 11. Be2 b6 12. g4 $5
{Strategical battle is lost, so Murrey tries to complicate game.} Nd7 $6 ({
Good was} 12... O-O $1 $17 {Not necessary to afraid of castle!}) 13. f4 f6 14.
h4 $1 {In the same spirit!} Bf7 $6 (14... O-O $5 15. f5 $5 (15. h5 Bf7 16. hxg6
hxg6 17. Qd2 Kg7 18. f5 Rh8 19. Bh6+ Kg8 20. g5 (20. c5 Nxc5 21. fxg6 Bxg6 22.
Bc4+ Bf7 23. Bxf7+ Kxf7 24. Qd5+ e6 25. Qh5+ Ke7 26. Nxc5 bxc5 27. g5 Kd7 $17)
20... Nce5 21. Rd1 $17) 15... Bf7 16. Nd2 Qc7 17. g5 Nce5 18. h5 gxf5 19. gxf6
Nxf6 20. Bh6 Kh8 (20... Rfd8 21. Rg1+ $18) 21. Bxf8 Rxf8 22. exf5 Rg8 $15) 15.
g5 Qc7 16. h5 $1 {Black was a little bit confused and maybe Huzman wanted to
win without risk, and soon he'll drop all advantage...} Rg8 17. hxg6 hxg6 18.
gxf6 Nxf6 19. Qc2 Nb8 {[%csl Rc4][%cal Gb8d7]} 20. Nd2 Nbd7 21. Qa4 Qc6 $5 {
The advantage of black gradually has disappeared} ({Equal position was keep} 
21... e5 $5 22. fxe5 dxe5 23. Bg5 Qc6 24. Qa3 $132) 22. Qxc6 Rxc6 23. a4 $5 e5
24. a5 (24. fxe5 dxe5 (24... Nxe5 25. c5 {[%cal Ge2b5]} Ke7 26. Bb5 Rc7 27.
cxd6+ Kxd6 28. Rd1 $14 {BB}) 25. a5 $11) 24... exf4 25. Bxf4 g5 $2 $16 {
[%mdl 8192]} (25... Nc5 26. axb6 axb6 27. Ra8+ Kd7 28. Ra7+ $11) 26. axb6 axb6
(26... gxf4 27. bxa7 Nb6 28. a8=Q+ Nxa8 29. Rxa8+ Ke7 30. Ra7+ Kf8 31. Rh4 $16)
27. Ra8+ Ke7 28. Rxg8 Bxg8 29. Bxg5 Rc5 30. Rg1 Bh7 (30... Bf7 31. Kf2 $16) 31.
Kf2 Ke6 32. Ke3 Rc8 33. Rh1 (33. Bf1 Rg8 34. Bh3+ Kf7 35. Bf5 $16) 33... Bg6
34. Bf1 Kf7 35. Bh3 Re8 (35... Rc5 36. Rg1 Ne5 37. Rf1 Neg4+ 38. Bxg4 Rxg5 39.
Bf5 $16) 36. Rf1 Kg7 37. Bxf6+ $2 $44 (37. Kd4 $1 $16 {[%csl Rd7][%cal Gh3f5]
Defending Pe4 by attacking of Nd7!}) 37... Nxf6 {[%csl Re4]} 38. Bf5 (38. Rg1
Kf7 {[%csl Re4]} 39. Rf1 Kg7 $11) 38... Bxf5 $1 {White can't take with P} 39.
Rxf5 Kg6 40. Rb5 Nd7 41. Rd5 Re6 42. Kd4 Nc5 (42... Nc5 43. e5 dxe5+ 44. Rxe5
Rd6+ 45. Rd5 Re6 46. Rd8 Kf7 47. Rb8 Ke7 $11) 1/2-1/2

[Event "CRO-ch 6th"]
[Site "Pula"]
[Date "1998.01.14"]
[Round "6"]
[White "Cebalo, Miso"]
[Black "Fercec, Nenad"]
[Result "0-1"]
[WhiteElo "2515"]
[BlackElo "2455"]
[Annotator "Tsesarsky,I"]
[PlyCount "88"]
[EventDate "1998.01.09"]
[EventType "tourn"]
[EventRounds "13"]
[EventCountry "CRO"]
[EventCategory "9"]
[SourceTitle "CBM 064"]
[Source "ChessBase"]
[SourceDate "1998.06.02"]
[SourceVersion "1"]
[SourceVersionDate "1998.06.02"]
[SourceQuality "1"]

1. Nf3 g6 2. c4 Bg7 3. Nc3 c5 4. d4 cxd4 5. Nxd4 Nc6 6. Nc2 Nf6 7. e4 O-O 8.
Be2 d6 9. Be3 $1 (9. O-O $6 b6 (9... Bd7 10. Bd2 (10. Bg5 a6 11. Rc1 Rb8 12.
Re1 Qa5 13. Bd2 Qd8 14. Bf4 Qa5 15. Bd2 Qd8 16. h3 Na5 17. Bf4 Rc8 18. Ne3 Be6
19. b3 Nd7 20. Ned5 $14 {1-0 Peng Zhaoqin-Milanovic,D/Pozarevac (12) ;EXP 49
1995 (33)}) (10. Rb1 Rc8 11. Ne3 Ne8 12. Ned5 e6 13. Ne3 Nd4 14. b3 Bc6 15. Bb2
Qa5 16. b4 Qb6 $132 (16... Qxb4 $2 $16 17. Ncd5 exd5 18. Bxd4 Qa3 (18... Qa4 $4
$18 19. Bxg7 Qxd1 20. Bxd1 Kxg7 21. cxd5 Bd7 22. Rxb7 $18 {Furhoff,J-Johansson,
To/Rilton Cup (09) ;EXP 45 1995/1-0 (47)}) 19. Bxg7 Nxg7 20. cxd5 Ba4 21. Qd2
b6 22. Nc4 $16)) 10... Rc8 11. Rc1 a6 12. Kh1 Qc7 13. f3 Qb8 14. b3 $14 {
Conquest,S-Gonzalez,R/Capablanca mem-A 1996/1-0 (44)}) (9... a6 $5 10. b3 $5
$14 (10. Re1 Rb8 11. Bd2 Bd7 12. Rb1 Ne8 13. b4 Nc7 $132 {Spraggett,
K-Andersson,U/Novi Sad olm (05) CAN-SVE 1990/0-1 (45)})) (9... Nd7 $1 10. Bd2
$6 (10. Qd2 Nc5 11. f3 Qa5 12. Rb1 Bxc3 13. Qxc3 Qxc3 14. bxc3 $132) 10... Nc5
11. b4 $6 (11. Bf3 Ne5 $15) 11... Ne6 (11... Bxc3 12. Bxc3 Nxe4 13. Bb2 $15)
12. Rb1 a5 13. b5 Ncd4 $132 {Milos,G-Spangenberg,H/Villa Gesell (01) ;CBM 52
1996/1-0 (73)}) 10. Bg5 Bb7 11. Qd2 (11. Rc1 Nb8 12. f3 Nbd7 13. Qd2 Rc8 14.
Rfd1 $14 {Milos,G-Disconzi da Silva,R/Sao Paulo zt (08) ;EXP 47 1995/1-0 (44)})
11... Rc8 12. f3 Ne5 13. b3 Re8 14. Rac1 Ned7 15. Kh1 Qc7 16. Ne3 Qb8 17. Rfd1
$14 {1-0 Wojtkiewicz,A-Andersson,U/Keres Rapid, Tallinn EST 1998 (38)}) 9...
Nd7 (9... Be6 10. O-O (10. Nd4 Nxd4 11. Bxd4 Qa5 12. O-O Rfc8 13. b3 a6 (13...
Nd7 14. Bxg7 Kxg7 15. Nd5 Bxd5 (15... Qd8 16. Qd4+ f6 17. f4 Bf7 18. Rad1 $14)
16. exd5 $132) 14. f4 b5 15. f5 Bd7 16. Bxf6 Bxf6 17. Nd5 Kg7 18. fxg6 fxg6 19.
b4 Qd8 20. Nxf6 exf6 21. Qxd6 Bc6 22. Rad1 $16 (22. Qe6 Qd4+ 23. Kh1 Qe5 24.
Qxe5 fxe5 25. c5 $16 (25. Rad1 bxc4 26. Bxc4 Ba4 $14 {Gallus,G-Sahlender,F/
BL2-N 1989/1/2-1/2 (49)}))) (10. f3 Rc8 (10... Qa5 11. Qd2 (11. Rc1 Nd7 12. Na3
Rfc8 13. O-O Qb4 14. Qb3 Qxb3 15. axb3 Bd4 $15 {Pflug,M-Gottschlich,C/GER-ch
U17 Pinneberg 1996/0-1 (54)}) (11. O-O Rfc8 12. a3 (12. Nd5 Nd7 13. Nd4 Nxd4
14. Bxd4 Bxd5 15. exd5 Bxd4+ 16. Qxd4 Qc5 $15) 12... Nd7 13. b4 Qd8 14. Qd2 Nb6
$15) 11... Nd7 12. Nd4 Nxd4 13. Bxd4 Bxd4 14. Qxd4 Ne5 15. O-O $14) 11. O-O a6
12. Nd5 Nd7 13. Rb1 Bxd5 14. cxd5 Nce5 15. Bd4 $14 {0-1 Jonkman,F-Van der
Burght,R/op, Soest NED 1996 (32)}) 10... Qc8 (10... Qa5 11. Nd4 Nxd4 12. Bxd4
Rfc8 13. b3 Ne8 14. Bxg7 Nxg7 15. Qd4 a6 16. Rac1 $14 (16. f4 Qc5 $11 {Abraham,
I-Hakshenas,M/OLNO 1992/1/2-1/2 (77)})) (10... Rc8 11. Rc1 Nd7 12. Qd2 Qa5 13.
b4 Qe5 14. Nd5 Qxe4 15. Bf3 (15. b5 Bxd5 16. f3 (16. cxd5 Ncb8 $17) 16... Qf5
17. cxd5 Ncb8 $17) 15... Qe5 16. b5 Bxd5 17. Bxd5 Nd8 18. Bxa7 b6 19. Rfe1 Qf6
20. Qe3 e6 21. Nb4 $13 (21. Bf3 Rxc4 $17 {1-0 Kantorik,M-Hrivnak,M/Sala op
1995 (44)})) (10... Nd7 11. Qd2 Rc8 12. Bh6 Bxh6 13. Qxh6 Qb6 14. b3 Nd4 15.
Nxd4 Qxd4 16. Rac1 $14 {1/2-1/2 Nijboer,F-Piket,J/Eindhoven ch-NL 1993 (56)})
11. f3 Ne8 12. Rc1 b6 13. Qd2 Ne5 14. b3 $14 {1-0 Portisch,L-Ofstad,P/Halle zt
1963 (27)}) (9... a6 10. O-O Rb8 11. f3 Be6 12. Qd2 Qa5 13. b4 Qh5 14. Nd5 Bxd5
(14... b5 $132) 15. cxd5 $14 {Hellmayr,A-Danner,G/Vienna op 1986/0-1 (47)}) (
9... Ne5 10. O-O Be6 11. b3 Nc6 12. Rc1 Qa5 13. Nd4 Nxd4 14. Bxd4 a6 15. Qd3
$14 {1-0 Kocsis,L-Haas,W/Budapest Spring op 1990 (26)}) (9... b6 10. f3 Bb7 11.
Qd2 Rc8 12. Rc1 Ne5 13. b3 Re8 14. O-O a6 15. Rfd1 $14 {1-0 Becker,D-Galle,A/
Interteam ch, BEL 1997 (53)}) 10. Qd2 Nc5 (10... Qa5 11. O-O $6 (11. Nd4 Bxd4
12. Bxd4 Nxd4 13. Qxd4 $14) 11... Bxc3 12. bxc3 Nc5 13. f3 Be6 (13... Na4 14.
Bh6 Re8 15. Nb4 Bd7 $15) 14. Nb4 Rac8 $15 {1/2-1/2 Ogaard,L-Franzoni,G/
Thessaloniki olm 1984 (40)}) 11. f3 f5 12. b4 (12. exf5 Bxf5 13. O-O Bxc2 14.
Qxc2 Bd4 15. Bxd4 Nxd4 16. Qd2 e5 17. Nd5 $14 (17. Bd3 Nxd3 18. Qxd3 Qb6 19.
Kh1 Qxb2 $11 {1/2-1/2 Lendwai,R-Doncevic,D/Benidorm op 1989 (44)})) 12... f4 (
12... Ne6 13. exf5 Rxf5 14. Bd3 Rf8 15. O-O Nf4 16. Bxf4 Bxc3 17. Qxc3 Rxf4 18.
Rfe1 $14) 13. Bf2 Nd7 14. Rc1 (14. O-O $14) 14... Nde5 15. O-O g5 16. Rfd1 g4
$2 (16... Nf7 17. a3 Nce5 18. c5 $14) (16... Ng6 17. b5 Nce5 18. c5 $14) 17. b5
$16 (17. Nd5 gxf3 18. gxf3 Ng6 19. Kh1 (19. b5 Nce5 20. Ndb4 Be6 21. c5 dxc5
22. Bxc5 Qxd2 23. Rxd2 Rfc8 $15) 19... Bh3 20. Ne1 $14) 17... gxf3 18. gxf3 Na5
(18... Nb8 19. c5 $16) 19. Ne1 $2 $132 (19. c5 $1 Bh3 (19... e6 20. Qxd6 (20.
cxd6 Nac4 21. Qe1 Nxd6 $14) 20... Qg5+ 21. Kh1 Nac4 22. Qc7 $18) (19... Rf7 20.
Na3 $1 $16) 20. cxd6 Qxd6 (20... exd6 21. Ne1 Rf7 (21... Qg5+ 22. Kh1 Nec4 23.
Qd5+ Qxd5 24. Nxd5 $18) (21... Rf6 22. Nd5 Rg6+ 23. Kh1 $18)) 21. Qxd6 exd6 22.
Nd5 $16) 19... Bh3 (19... Be6 20. Nd5 (20. c5 Nac4 21. Bxc4 Nxc4 22. Qe2 Ne3
23. Bxe3 fxe3 24. Qxe3 $132) 20... b6 21. Bh4 Ng6 22. Bg5 Bxd5 23. Qxd5+ $14)
20. Nd5 (20. c5 dxc5 21. Bxc5 Qxd2 22. Rxd2 $14) 20... Bh6 (20... Ng6 $14) 21.
Kh1 (21. b6) 21... e6 $6 (21... b6 $11) 22. Nb4 $2 (22. b6 $1 exd5 (22... Nac6
23. Nc7 Rc8 24. Qxd6 axb6 25. Bxb6 $16) 23. Qxd5+ Rf7 24. Qxa5 axb6 25. Qd5
Rxa2 26. Qxe5 Rxe2 27. Rxd6 Qg5 28. Qxg5+ Bxg5 29. Nd3 $16) 22... Qg5 $5 (22...
Rc8 23. c5 dxc5 24. Rxc5 Qxd2 25. Rxd2 Rxc5 26. Bxc5 Ra8 27. Rc2 $14) 23. Qxd6
Rf7 24. Bd4 Ng6 (24... Nxf3 $6 25. Bxf3 Bf8 26. Qe5 Qxe5 27. Bxe5 Bxb4 28. Nd3
$16) 25. Qc5 e5 26. Bb2 $4 $19 (26. Bc3 Bf8 27. Qg1 Qxg1+ 28. Kxg1 Bc5+ 29. Kh1
Be3 30. Rc2 $16) 26... Bf8 27. Qf2 (27. Qg1 Qxg1+ 28. Kxg1 Bxb4 29. Nd3 Bd6 $19
) 27... Bxb4 28. Nd3 Bd6 29. c5 Bc7 30. Rg1 Qh5 31. Nb4 Bd8 (31... Be6 $19) 32.
Bf1 Bh4 33. Qe2 Be6 34. Nd5 Bg3 (34... a6 $19) 35. c6 (35. Bc3 Nc4 36. Bb4 Bxd5
37. exd5 Ne3 38. d6 e4 $19) 35... bxc6 36. bxc6 Rc8 37. c7 Bxd5 38. exd5 Rfxc7
39. Rxc7 Rxc7 40. Ba3 Rd7 (40... Bxh2 41. Qxh2 Qxf3+ 42. Qg2 Qxa3 $19) 41. d6
Nc6 42. Qc4+ Kg7 43. Rg2 Nd4 44. Bc5 Nh4 0-1